| 000 | 00411nam a22001817a 4500 | ||
|---|---|---|---|
| 003 | OSt | ||
| 005 | 20220221141453.0 | ||
| 008 | 220221b |||||||| |||| 00| 0 eng d | ||
| 020 | _a0131429191 | ||
| 040 | _cHU | ||
| 082 | _a670.285 | ||
| 100 |
_aComputer _923875 |
||
| 245 | _aComputer-Aided Manufacturing | ||
| 250 | _a3ed | ||
| 260 |
_a New Jersey _b New Jersey |
||
| 300 | _f670 | ||
| 942 |
_2ddc _cBOOKS _n0 |
||
| 999 |
_c31029 _d31029 |
||